Clickable Dog Jokes Quiz Stats

 Plays Quiz Updated Dec 30, 2014

Challenge
Share
Tweet
Embed
Score 0/24 Timer 10:00
8 Plays Today
% Correct
Slush puppies.
93.1%
A shampoodle.
92.8%
A cock-eyed spaniel.
92.6%
One wags a tail and the other tags a whale.
92.4%
When it's a greyhound.
92.4%
''That hit the spots!''
92.4%
Growlcho Marx.
91.9%
They have two left feet.
91.8%
You might step in a poodle.
91.4%
An embarrassed Dalmatian.
90.8%
It's not polite to talk back to your paw.
90.2%
By itch-hiking.
89.8%
% Correct
A hot-diggity-dog.
89.6%
No one else will do it for them.
88.6%
Cats can't drive.
88.5%
His bark was much worse than his bite.
88.5%
''Should we walk, or take the Greyhound?''
88.3%
Because he was trying to make both ends meet.
87.8%
They have collar IDs.
85.6%
It's difficult to run in squares.
84%
A bull dog.
83.9%
Aware wolf.
81.9%
Make a noise like a bone.
81.1%
It doesn't matter what you call him, he still won't come.
79.5%

You're not logged in!

Compare scores with friends on all Sporcle quizzes.
OR
Log In

You Might Also Like...

Show Comments

Extras

Top Quizzes Today


Score Distribution

Your Account Isn't Verified!

In order to create a playlist on Sporcle, you need to verify the email address you used during registration. Go to your Sporcle Settings to finish the process.

Report this User

Report this user for behavior that violates our Community Guidelines.

Details: